000 00296nam a22001337a 4500
008 181029b xxu||||| |||| 00| 0 eng d
020 _a2740115523169
041 _aeng
080 _23rd
_a910
100 _a42
101 _aGJEO
245 _aExploring Geology
_cReynolds,S.J
942 _2udc
_cBK
999 _c50950
_d50950